000
00257nam a22001097a 4500
999
_c
6199
_d
6199
008
180522b ||||| |||| 00| 0 eng d
020
_z
0-324-236673-5
050
_a
658.8 BOO
100
_a
BOONE, LOUIS E.
245
_a
CONTEMPORARY MARKETING,
260
_c
2006,